LEADER 01911nam0-22003851i-450- 001 990007936060403321 005 20080317112705.0 010 $a88-420-7172-2 035 $a000793606 035 $aFED01000793606 035 $a(Aleph)000793606FED01 035 $a000793606 100 $a20041021d2004----km-y0itay50------ba 101 0 $aita 102 $aIT 105 $ay---y---001yy 200 1 $aPedagogie dell'e-learning$fa cura di Roberto Maragliano 205 $a1. ed. 210 $aRoma$cLaterza$d2004 215 $a258 p.$d22 cm 225 1 $aManuali Laterza$v189 330 $aQuanto la rete ha cambiato i tempi e i modi dell'azione educativa. In questo volume, le principali teorie, i modelli, gli scenari pedagogici all'interno dei quali si vanno costituendo nuove identità per i soggetti dell'apprendere e dell'insegnare. Indice: Presentazione.Siamo tutti deterministi di Roberto Maragliano 1. Uno sguardo d'assieme, fra teoria e tecnica di Sandra Amatiste e Alberto Quagliata- 2. Piattaforme e progetti di formazione di Lorena Fasolino- 3. Essere autore on line di Stefano Penge -4. Essere docente on line di Silvia Innocenzi - 5. Essere studente on line di Ornella Martini -6. La nostra esperienza di e-learning di Filippo Sapuppo -Percorsi bibliografici a cura di Mara Zonta - Percorsi sitografici a cura di Mara Zonta e Laura Vettraino -Appendice - Una cornice per il decreto Moratti-Stanca di Roberto Maragliano-Decreto ministeriale 17 aprile 2003 - Gli autori 610 0 $aEducazione a distanza 610 0 $aInternet$aUso nella didattica 676 $a371.358$v21$zita 702 1$aMaragliano,$bRoberto$f<1946- > 801 0$aIT$bUNINA$gRICA$2UNIMARC 901 $aBK 912 $a990007936060403321 952 $aR 122$b3434$fDSS 952 $a371.358 MAR 1$b3043$fBFS 959 $aDSS 959 $aBFS 996 $aPedagogie dell'e-learning$9275948 997 $aUNINA LEADER 01617nam a2200325 i 4500 001 991002026169707536 008 061219s2005 maua b 001 0 eng d 020 $a0817632344 035 $ab13464577-39ule_inst 040 $aDip.to Matematica$beng 082 00$a519.23$222 084 $aAMS 60G 084 $aLC QA274.C36 100 1 $aCapasso, Vincenzo$051830 245 13$aAn introduction to continuous-time stochastic processes :$btheory, models, and applications to finance, biology, and medicine /$cVincenzo Capasso, David Bakstein 260 $aBoston :$bBirkhäuser,$cc2005 300 $axi, 343 p. :$bill. ;$c25 cm 440 0$aModeling and simulation in science, engineering & technology 504 $aIncludes bibliographical references (p. [325]-330) and index 650 0$aStochastic processes 700 1 $aBakstein, David$eauthor$4http://id.loc.gov/vocabulary/relators/aut$0614263 856 41$3Table of contents$uhttp://catdir.loc.gov/catdir/toc/fy052/2003063634.html$zTable of contents 907 $a.b13464577$b02-04-14$c19-12-06 912 $a991002026169707536 945 $aLE013 60G CAP11 (2005)$g1$i2013000204581$lle013$op$pE70.72$q-$rl$s- $t0$u5$v0$w5$x0$y.i14373312$z20-02-07 945 $aLE025 ECO 519.2 CAP02.02$g1$i2025000111363$lle025$o-$pE0.00$q-$rl$s- $t0$u0$v0$w0$x0$y.i14800536$z11-07-08 945 $aLE025 ECO 519.2 CAP02.02$g2$i2025000250833$lle025$o-$pE0.00$q-$rl$s- $t0$u0$v0$w0$x0$y.i15020769$z30-10-09 996 $aIntroduction to continuous-time stochastic processes$91130155 997 $aUNISALENTO 998 $ale013$ale025$b19-12-06$cm$da $e-$feng$gmau$h3$i0 LEADER 05090nam 22007575 450 001 9910484528403321 005 20251225211033.0 010 $a3-319-63088-1 024 7 $a10.1007/978-3-319-63088-5 035 $a(CKB)4340000000061634 035 $a(DE-He213)978-3-319-63088-5 035 $a(MiAaPQ)EBC6299412 035 $a(MiAaPQ)EBC5591655 035 $a(Au-PeEL)EBL5591655 035 $a(OCoLC)1000578382 035 $a(PPN)20366891X 035 $a(EXLCZ)994340000000061634 100 $a20170711d2017 u| 0 101 0 $aeng 135 $aurnn|008mamaa 181 $ctxt$2rdacontent 182 $cc$2rdamedia 183 $acr$2rdacarrier 200 10$aCollaboration Technologies and Social Computing $e9th International Conference, CollabTech 2017, Saskatoon, SK, Canada, August 8?10, 2017, Proceedings /$fedited by Takashi Yoshino, Takaya Yuizono, Gustavo Zurita, Julita Vassileva 205 $a1st ed. 2017. 210 1$aCham :$cSpringer International Publishing :$cImprint: Springer,$d2017. 215 $a1 online resource (XII, 191 p. 85 illus.) 225 1 $aTheoretical Computer Science and General Issues,$x2512-2029 ;$v10397 311 08$a3-319-63087-3 327 $aAnonymity-preserving Methods for Client-side Filtering in Position-based Collaboration Approaches -- What Do Remote Music Performances Lack -- A Method for Estimating Worker States Using a Combination of Ambient Sensors for Remote Collaboration -- Tag chat: A tag-based past topics recollection support system -- Availability of Disaster Preparedness Awareness Improvement for Supplying Knowledge using Microblog and Comic Expression -- Technological Feasibility of a Smartphone-based System to Integrate Volunteers into Professional Rescue Processes -- A Triage Training System Considering Cooperation and Proficiency of Multiple Trainees -- A Scratch-based Collaborative Learning System with a Shared Stage Screen -- AccelChalk: Detecting Writing Actions with Chalk Acceleration for Collaboration between Teachers and Students -- Tourist Information Extraction Method from Tweets without Tourist Spot Names for Tourist Information Visualization System -- Enhancing Participation Balance in Intercultural Collaboration -- Support of Foreign Tourists with Culturally Situated Associations -- Enhancing Learners' Cross-cultural Understanding in Language and Culture Class Using InCircle -- Children's Social Behavior Analysis System using BLE and Accelerometer -- Extension of Smartphone by Wearable Input/output Interface with Floor Projection -- Introducing Gamification to Cleaning and Housekeeping Work. 330 $aThis book constitutes the refereed proceedings of the 9th International Conference on Collaboration Technologies, CollabTech 2017, held in Saskatoon, SK, Canada, in August 2017. The 10 revised full papers presented in this book together with 6 short papers were carefully reviewed and selected from 37 submissions. The papers focus on topics such as: CSCW system architectures and applications; social computing; crowdsourcing; inter-cultural collaboration; collaborative communication systems; embodied collaboration systems; shared virtual/augmented environments; smart devices for collaboration; computer supported collaborative learning (CSCL); collaborative entertainment systems; computer supported cooperative design (CSCD); and social science studies on collaboration. 410 0$aTheoretical Computer Science and General Issues,$x2512-2029 ;$v10397 606 $aUser interfaces (Computer systems) 606 $aHuman-computer interaction 606 $aApplication software 606 $aDatabase management 606 $aComputer networks 606 $aComputers, Special purpose 606 $aUser Interfaces and Human Computer Interaction 606 $aComputer and Information Systems Applications 606 $aDatabase Management 606 $aComputer Communication Networks 606 $aSpecial Purpose and Application-Based Systems 615 0$aUser interfaces (Computer systems) 615 0$aHuman-computer interaction. 615 0$aApplication software. 615 0$aDatabase management. 615 0$aComputer networks. 615 0$aComputers, Special purpose. 615 14$aUser Interfaces and Human Computer Interaction. 615 24$aComputer and Information Systems Applications. 615 24$aDatabase Management. 615 24$aComputer Communication Networks. 615 24$aSpecial Purpose and Application-Based Systems. 676 $a004.019 702 $aYoshino$b Takashi$4edt$4http://id.loc.gov/vocabulary/relators/edt 702 $aYuizono$b Takaya$4edt$4http://id.loc.gov/vocabulary/relators/edt 702 $aZurita$b Gustavo$4edt$4http://id.loc.gov/vocabulary/relators/edt 702 $aVassileva$b Julita$4edt$4http://id.loc.gov/vocabulary/relators/edt 801 0$bMiAaPQ 801 1$bMiAaPQ 801 2$bMiAaPQ 906 $aBOOK 912 $a9910484528403321 996 $aCollaboration Technologies and Social Computing$94207505 997 $aUNINA